The Aphorisms of Kaushika Sutra-II: (Record no. 62442)

000 -LEADER
fixed length control field 00510nam a22001577a 4500
082 ## - DEWEY DECIMAL CLASSIFICATION NUMBER
Classification number S 294.592 15
Item number BAL./A.2
100 ## - MAIN ENTRY--AUTHOR NAME
Personal name Balakrishna Reddy M
245 ## - TITLE STATEMENT
Title The Aphorisms of Kaushika Sutra-II:
Sub Title atharvanic rituals (pertaining to women ,divination and sorcery)text,translation and commentary/
Statement of responsibility, etc by Balakrishna Reddy M
260 ## - PUBLICATION, DISTRIBUTION, ETC. (IMPRINT)
Place of publication Puttaparthy:
Name of publisher M Sumana Kumari,
Year of publication 2016.
300 ## - PHYSICAL DESCRIPTION
Number of Pages 258p.
650 ## - SUBJECT ADDED ENTRY--TOPICAL TERM
Topical Term Atharvaveda
650 ## - SUBJECT ADDED ENTRY--TOPICAL TERM
Topical Term Vedic Literature
650 ## - SUBJECT ADDED ENTRY--TOPICAL TERM
Topical Term Hinduism
650 ## - SUBJECT ADDED ENTRY--TOPICAL TERM
Topical Term Religion
942 ## - ADDED ENTRY ELEMENTS (KOHA)
Koha item type Book
Holdings
Withdrawn status Lost status Damaged status Not for loan Permanent Location Current Location Shelving location Date acquired Cost, normal purchase price Full call number Accession Number Price effective from Koha item type
        Sree Sankaracharya University of Sanskrit Sree Sankaracharya University of Sanskrit Stacks 30.09.2016 1500.00 S 294.592 15 BAL./A.2 082371 30.09.2016 Book